000 00991nam a2200277 4500
001 178069
003 ES-MaACL
005 20230902123503.0
008 110516s2005 sp |||| |dspa d
020 _a84-8485-190-7
080 _a821.134.2-31"19"
100 1 _aRuiz, Roberto.
_9100630
245 1 0 _aJuicio y condena del hombre nuevo /
_cRoberto Ruiz ; edición y estudio introductorio de Juan Luis Rodríguez Bravo.
260 _a[Sada (A Coruña)] :
_bEdiciós do Castro,
_c[2005]
300 _a219 p. :
_b1 retr. ;
_c22 cm.
490 1 _aBiblioteca del exilio ;
_v22
500 _aGlosario.
500 _aVocabulario.
504 _aBibliografía: p. 59-62.
700 1 _aRodríguez Bravo, Juan Luis.
_9146541
830 0 _aBiblioteca del exilio ;
_v22
_9180374
852 _aES-MaACL
_jA-11184
_9184928
_bR.145752
_cDEPO1
_dOlim: N-4189
_xDonación: Jose Esteban
903 _9234040
_aEsteban, José
_ednr
942 _2udc
_cMONOGRAFIA
999 _c178069
_d178069